Guess the Fusion Rock Song Lyrics #188 - Statistics

General Stats
  • This quiz has been taken 14 times
  • The average score is 215 of 289
Answer Stats
Answer % Correct
I
100%
a
92%
And
92%
and
92%
be
92%
know
92%
like
92%
Like
92%
me
92%
night
92%
the
92%
to
92%
want
92%
with
92%
Would
92%
you
92%
You
92%
Can
83%
can
83%
do
83%
down
83%
get
83%
go
83%
if
83%
If
83%
in
83%
it
83%
on
83%
there
83%
together
83%
We
83%
we
83%
Where
83%
alone
75%
are
75%
as
75%
could
75%
don't
75%
I'd
75%
mind
75%
see
75%
too
75%
will
75%
your
75%
am
67%
better
67%
come
67%
here
67%
Im
67%
I'm
67%
Is
67%
place
67%
Right
67%
say
67%
that
67%
things
67%
way
67%
yeah
67%
You're
67%
you're
67%
cause
58%
Cause
58%
feeling
58%
girl
58%
hold
58%
lonely
58%
new
58%
sit
58%
wanna
58%
you'd
58%
Ah
50%
far
50%
looking
50%
Sharing
50%
sharing
50%
someone
50%
these
50%
us
50%
alright
42%
beside
42%
dance
42%
Dr Hook
42%
eyes
42%
seem
42%
strong
42%
talk
42%
woah
42%
hope
33%
morning
33%
bring
25%
holding
25%
kinda
25%
lights
25%
low
25%
turn
25%
understand
25%
finds
17%
start
17%
tomorrow
17%
liking
8%
No matching quizzes found
Score Distribution
Percent of People with Each Score
Percentile by Number Answered
Your Score History
You have not taken this quiz